00565 2200205 4500001002100000005001500021035002000036007000300056008004100059020001800100100002000118245006600138250001100204260003600215300003200251082000800283084001400291650001900305990003500324INLIS00000000000763820260603110855 a0010-0326000006ta260603 0 ind  a979-757-508-x1 aWulandari, Rini1 aKreasi Olahan Cokelat Peluang Usaha Rumahan /cRini Wulandari acet. 1 aJakarta :bKawan Pustaka,c2012 a64 hlm. :bilus. ;c23,5 cm a641 a641 WUL k 4aOlahan Cokelat ac.1/58/Polbangtan Yoma/ha/2026